00506nam a2200205Ia 450000500170000000800460001702000180006303700100008104000080009104000080009904000080010704100080011504100080012308400080013124500510013926000220019026000090021265000300022185600490025120260306150745.0008 260114s9999 xx 000 0 eng d a9783110910186 aEbook aCRL beng cCRL 2eng aeng qCRL 0aMorphological Structure in Language Processing bDe Gruyter Mouton c2003 aLinguistics and Semiotics uhttps://www.degruyter.com/isbn/9783110910186